| 000 | 00000nam 2200000za 4500 |
| 001 | 9.816908 |
| 003 | CaOODSP |
| 005 | 20250721105955 |
| 007 | cr ||||||||||| |
| 008 | 160809s2016 qucb ob f000 0 fre d |
| 020 | |a978-0-660-05391-2 |
| 040 | |aCaOODSP|bfre |
| 043 | |an-cn--- |
| 086 | 1 |aEn4-281/2016F-PDF |
| 245 | 00|aÉtendue des milieux humides au Canada |h[ressource électronique]. |
| 246 | 1 |iEn tête du titre : |aIndicateurs canadiens de durabilité de l'environnement |
| 260 | |aGatineau, Qué. : |bEnvironnement et changement climatique Canada, |cc2016. |
| 300 | |a13 p. : |bill. |
| 500 | |aPubl. aussi en anglais sous le titre : Extent of Canada's wetlands. |
| 500 | |a« Juillet 2016. » |
| 504 | |aComprend des références bibliographiques (p. 12). |
| 692 | 07|2gccst|aZone humide |
| 692 | 07|2gccst|aIndicateur environnemental |
| 710 | 1 |aCanada. |bEnvironnement et changement climatique Canada. |
| 775 | 08|tExtent of Canada's wetlands |w(CaOODSP)9.816907 |
| 794 | |tIndicateurs canadiens de durabilité de l'environnement : |bJuin 2025|w(CaOODSP)9.951246 |
| 856 | 40|qPDF|s316 Ko|uhttps://publications.gc.ca/collections/collection_2016/eccc/En4-281-2016-fra.pdf |